Tous les clubs de Ligue 1 au 21e siècle - Statistiques

Statistiques générales
  • Ce quiz a été pris 148 fois
  • Le résultat moyen est 35 sur 41
Statistiques - réponses
Dernière Saisons Club % Correct
2025 25 Olympique de Marseille
100%
2025 25 Olympique lyonnais
100%
2025 25 Paris Saint-Germain
100%
2025 25 LOSC Lille
99%
2022 22 Girondins de Bordeaux
98%
2025 23 OGC Nice
98%
2025 25 Stade rennais
98%
2025 23 AS Monaco
97%
2025 20 AS Saint-Étienne
97%
2025 16 RC Lens
96%
2025 20 FC Nantes
95%
2025 10 Stade de Reims
95%
2025 14 RC Strasbourg
94%
2025 9 Stade brestois 29
94%
2025 20 Toulouse FC
94%
2025 19 Montpellier HSC
93%
2025 15 AJ Auxerre
92%
2025 10 FC Lorient
92%
2025 13 FC Metz
90%
2025 4 Le Havre AC
90%
2025 9 Angers SCO
88%
2023 8 AC Ajaccio
87%
2017 9 AS Nancy-Lorraine
87%
2017 10 SC Bastia
86%
2014 13 FC Sochaux-Montbéliard
82%
2023 10 ESTAC Troyes
81%
2024 3 Clermont Foot
80%
2021 6 Dijon FCO
79%
2019 10 SM Caen
79%
2020 3 Amiens SC
78%
2019 10 EA Guingamp
77%
2021 3 Nîmes Olympique
76%
2015 4 Évian TG
72%
2010 2 Grenoble Foot 38
72%
2014 8 Valenciennes FC
68%
2010 6 Le Mans FC
67%
2011 1 AC Arles-Avignon
66%
2007 4 CS Sedan Ardennes
63%
2016 1 GFC Ajaccio
59%
2010 1 US Boulogne
58%
2005 1 FC Istres
52%
Aucun quiz correspondant
Distribution des résultats
% des personnes avec chaque résultat
Percentile par nombre de réponses
Votre historique - résultats
Vous n’avez pas pris ce quiz